Sports Quiz

Random Sports or NFL Quiz

I Never Won the Super Bowl Quiz Stats

 Plays Quiz Updated Jan 27, 2015

Challenge
Share
Tweet
Embed
Score 0/40 Timer 06:00
1 Play Today
% Correct
Donovan McNabb
86.6%
LaDainian Tomlinson
86%
Vince Young
85.1%
Archie Manning
84.9%
O.J. Simpson
84.7%
Barry Sanders
84.4%
Tony Gonzalez
84.3%
Dan Marino
84.2%
Warren Moon
83.3%
Jim Kelly
83.1%
Steve McNair
82.8%
Brian Urlacher
79.2%
Shaun Alexander
78.5%
Thurman Thomas
78.2%
Kellen Winslow
78.1%
Dan Fouts
78%
Eric Dickerson
77.2%
Earl Campbell
76.2%
Steve Largent
76%
Fran Tarkenton
74.5%
% Correct
Bruce Smith
73.6%
Anthony Munoz
73.3%
Gale Sayers
73.3%
Terrell Owens
73.1%
Fred Taylor
72.7%
Derrick Thomas
72.6%
Randy Moss
69.9%
John Randle
69.7%
Ken Anderson
69.4%
Bruce Matthews
68.9%
Morten Andersen
68%
Deacon Jones
65.2%
Champ Bailey
64.2%
Charlie Joiner
63.8%
Randall McDaniel
63.8%
Dick Butkus
63.6%
Jack Youngblood
61.5%
James Lofton
60.1%
Ken Houston
57.5%
Charley Taylor
52.9%

You're not logged in!

Compare scores with friends on all Sporcle quizzes.
OR
Log In

You Might Also Like...

Show Comments

Extras

Top Quizzes Today


Score Distribution

Your Account Isn't Verified!

In order to create a playlist on Sporcle, you need to verify the email address you used during registration. Go to your Sporcle Settings to finish the process.

Report this User

Report this user for behavior that violates our Community Guidelines.

Details: